Management Information Systems : Managing the Digital Firm (Record no. 2378)

MARC details
005 - DATE AND TIME OF LATEST TRANSACTION
control field 20250516100116.0
020 ## - INTERNATIONAL STANDARD BOOK NUMBER
International Standard Book Number 0-13-197192-1
082 ## - DEWEY DECIMAL CLASSIFICATION NUMBER
Classification number 658.403 LAU
100 ## - MAIN ENTRY--PERSONAL NAME
Author name LAUDON, K .C .
245 ## - TITLE STATEMENT
Title Management Information Systems : Managing the Digital Firm
250 ## - EDITION STATEMENT
Edition statement 9th Ed.
260 ## - PUBLICATION, DISTRIBUTION, ETC.
Place of publication, distribution, etc. New Jersey,
Name of publisher, distributor, etc. Pearson Education,
Date of publication, distribution, etc. 2006.
300 ## - PHYSICAL DESCRIPTION
Extent xxxii, 643p.: ill.; figure, table,
Other physical details glossary, reference & index,
Dimensions 27cm.
700 ## - ADDED ENTRY--PERSONAL NAME
Other authors/Editors LAUDON, J , P.
942 ## - ADDED ENTRY ELEMENTS (KOHA)
Source of classification or shelving scheme Dewey Decimal Classification
Koha item type Books
Holdings
Date last seen Total checkouts Full call number Barcode Cost, replacement price Price effective from Koha item type Lost status Source of classification or shelving scheme Damaged status Not for loan Withdrawn status Home library Current library Shelving location Date acquired Source of acquisition Cost, normal purchase price
05/16/2025   658.403 LAU 0000008973 120000.00 05/16/2025 Books   Dewey Decimal Classification       College of Business Education Main Library College of Business Education Main Library General Collection 05/16/2025 07/07/2016 40000.00